000 00930nas a2200301 4500
001 BR0500555
003 BR-BrBNA
005 20231205105105.0
007 ta
008 230509b bl.|||p| |||| 00| 00por d
040 _aBR-BrBNA
_bpor
_cBiblioteca Nacional de Agricultura
041 _a(Pt)
072 _aF30; K10
100 1 _aDavide, A.C.
100 1 _aBotelho, S.A.
100 1 _aFaria, J.M.R.
100 1 _aPrado, N.J.S.
245 1 _aComportamento de espécies florestais de mata ciliar em área de depleção do reservatório da Usina Hidrelétrica de Camargos, Itutinga, MG
650 _aFLORESTA
650 _aMATA CILIAR
650 _aCOMPORTAMENTO DE VARIEDADE
650 _aHIDRELÉTRICA
650 _aESPÉCIE NATIVA
650 _aMINAS GERAIS
773 0 _tCerne (Brazil)
_xISSN 0104-7760
_g(1996), v. 2(1) p. 20-34
_wBR0500555
909 _a202311
_bLúcia
_c55
_dLúcia Elande
942 _2AGRIS
_n0
_cANA
999 _c181188
_d181188